| 000 | 003600000a22001450004500 | ||
|---|---|---|---|
| 003 | MACL | ||
| 040 | _aMACL | ||
| 090 |
_c31491 _d31489 |
||
| 100 | _aConley, John D | ||
| 245 | _aTeach Yourself Object Oriented Programming with Visual Basic | ||
| 260 |
_bBPB Publications _c1999 |
||
| 350 | _a225 | ||
| 650 | _aComputer Programming | ||
| 942 |
_cBOOK _k005.133/CON |
||
| 999 |
_c31176 _d31176 |
||